=LDR 00000nam 2200000 4500 =001 INLIS000000000030288 =005 20130612132438 =008 ***********************************Ind** =035 ##$$0010-061300000030288 =041 ##$$a Ind =082 ##$$a 639.543 =090 ##$$a 639.543, Sut p =100 ##$$a Sutaman =245 ##$$a Petunjuk praktis pembenihan udang windu skala rumah tangga, Ir. Sutaman =260 ##$$a 1992 $b Yogyakarta =300 ##$$a 86 hlm, ilus, 21 cm =650 ##$$a Udang Windu =850 ##$$a NBPNMAT